00592 2200229 4500001002100000005001500021035002000036008004100056245005500097100001800152250001000170260003700180300002900217020002200246084001600268082001000284650002800294990001000322990001000332990001000342990001000352INLIS00000000001204920260424105308 a0010-0426000020260424 g 1 ind 1 aMenumis itu gampang menulis tidak /cMahfud Ikhwan aMahfud Ikhwan aCet.3 aYogyakarta :bMojok Group,c2021 axiv, 252 hlm ;c13x19 cm a978-623-7284-47-5 a808.3 MAH m a808.3 4aFiksi--Teknik penulisan a58271 a58272 a58273 a58274